000 00375nam a22001697a 4500
005 20160629111400.0
008 160629b xxu||||| |||| 00| 0 eng d
020 _a81-7554-169-5
041 _aeng
082 _b10985
100 _aClagg, Brian
_93136
245 _aInstant Interview
260 _bkogan
_c2002
300 _a112
650 _aManagement
_9241
942 _cBK
999 _c4592
_d4590